000
00381nam a22001577a 4500
003
MPLRDC
005
20220104123955.0
008
210129b ||||| |||| 00| 0 eng d
082
_a
820.9 RYN
100
_a
任雨农编纂
245
_a
中国文学史简编
_c
260
_a
_b
刘氏父子公司
_c
1962
300
_b
平
650
_a
中国文学史
942
_c
BK
_o
820.9 RYN
999
_c
15649
_d
15639